| 000 | 00982nam a22002657a 4500 | ||
|---|---|---|---|
| 005 | 20170123162338.0 | ||
| 010 | _aA-375510 | ||
| 020 | _c11.00 | ||
| 035 | _aA-375510 | ||
| 037 | _bCen Lib/Ret | ||
| 040 |
_aDPL _bUR |
||
| 082 |
_a440 _b ک ر س |
||
| 100 |
_aکرسٹل، ڈیوڈ _9125302 |
||
| 245 |
_aلسانیت کیا ہے / _cڈیوڈ کرسٹل ؛ مرتجم نصیر احمد خان |
||
| 246 |
_aLisaniyat kya hai / _bby David Crystal ;' translated by Naseer Ahmad Khan |
||
| 260 |
_aنیی دہلی _bڈائریکٹر ترقی اردو بیورو _c2000 |
||
| 270 |
_aویسٹ بلاک ٨، ار.کے.پرم _bنیی دہلی _e110066 |
||
| 300 |
_a160. _c21cm(Hb) |
||
| 650 |
_a اردو زبانوں _9125303 |
||
| 650 |
_a تاریخ اور تنقید. _9109630 |
||
| 650 |
_aUrdu languages _9125304 |
||
| 650 |
_a History and criticism. _923722 |
||
| 700 |
_aنصیر احمد خان _9125305 |
||
| 942 |
_2ddc _cUR _h440 _m ک ر س |
||
| 999 |
_c108288 _d108288 |
||